000 00693nas a22002057a 4500
003 NALT
005 20210816140633.0
008 170913b th |||p| |||| 00| 0 tha d
022 _a19060475
040 _aNALT
041 _atha
245 _aเซมิคอนดักเตอร์อิเล็กทรอนิกส์ พลัส
310 _aรายเดือน
321 _aบริษัท ซีเอ็ดยูเคชั่น จำกัด (มหาชน)
500 _aยุติการบอกรับเป็นสมาชิก
850 _aNALT
942 _cJNR
_s1
998 _aจินตนา
_j755
_k จินตนา เอี่ยมคง
999 _c93780
_d93780